25 größte Städte Deutschland - Statistiken

Allgemein
  • Dieses Quiz wurde 165 mal gespielt
  • Das Durchschnittsergebnis liegt bei 21 aus 25
Antwortstatistiken
Einwohner Antwort % Korrekt
3.685.000 Berlin
100%
1.863.000 Hamburg
99%
1.025.000 Köln
99%
1.505.000 München
99%
756.000 Frankfurt am Main
98%
603.000 Dortmund
97%
613.000 Stuttgart
97%
619.000 Düsseldorf
96%
612.000 Leipzig
94%
565.000 Dresden
91%
586.000 Bremen
89%
530.000 Nürnberg
88%
575.000 Essen
85%
558.000 Hannover
82%
502.000 Duisburg
77%
359.000 Bochum
75%
301.000 Augsburg
73%
318.000 Mannheim
70%
268.000 Gelsenkirchen
67%
332.000 Bielefeld
66%
323.000 Bonn
66%
309.000 Karlsruhe
64%
308.000 Münster
62%
289.000 Wiesbaden
59%
358.000 Wuppertal
59%
Keine übereinstimmenden Quizze gefunden
Verteilung der Resultate
Anzahl Personen mit jedem Resultat
Perzentil nach korrekt beantworteten Fragen
Ihre Resultats-Entwicklung
Sie haben dieses Quiz noch nicht gespielt